000 00449nam a2200169Ia 4500
008 220501s2016 xx 000 0 eng d
020 _a9789332548206
082 _a658.7 SHA-S
100 _aShah, Janat
245 0 _aSupply chain management : text and cases
_cJanat Shah
250 _a2nd
260 _aNoida
_bPearson
_c2016
300 _axxiv, 480p.
650 _aBusiness logistics
650 _aOperations Management
942 _2ddc
_cBK
_088
999 _c18259
_d18259